000 nam a22 7a 4500
999 _c8426
_d8426
008 180116b ||||| |||| 00| 0 eng d
100 _94827
_aSHAH.N.M
245 _aSTATISTICS FOR ECONOMICS-XI
260 _aNEW DELHI
_bARYA PUB
_c2017